Terminus des bus de Nevers (Taneo) - Statistiques

Statistiques générales
  • Ce quiz a été pris 9 fois
  • Le résultat moyen est 8 sur 11
Statistiques - réponses
Ligne Terminus % Correct
T1 Alain Colas
100%
T2, 4, 10, 12, 14 Banlay
100%
4 Hôpital Bérégovoy
100%
T2 Jacques Duclos
100%
3, 5, 13 Nevers Gares
100%
T1, 3 Varennes-Vauzelles Eglise
83%
14 ESAT
67%
5 Les Révériens
67%
12 Pougues Casino
50%
10 Saincaize - Les 4 Cheminées
17%
13 Fourchambault - Front de Loire
0%
Aucun quiz correspondant
Distribution des résultats
% des personnes avec chaque résultat
Percentile par nombre de réponses
Votre historique - résultats
Vous n’avez pas pris ce quiz